000
00219nam a2200085Ia 4500
008
120527s9999 xx 000 0 und d
100
_a
Kinney & Purds
245
_a
Teaching mathematics in the secondary school
942
_c
BK
999
_c
27870
_d
27870